ბათუმის შოთა რუსთაველის სახელმწიფო უნივერსიტეტის ბიბლიოთეკა

Modern consumer law / (ბიბ.ჩანაწერი № 57763)

000 -LEADER
fixed length control field 00796cam a2200217 i 4500
001 - CONTROL NUMBER
control field 18960768
005 - DATE AND TIME OF LATEST TRANSACTION
control field 20201105133111.0
008 - FIXED-LENGTH DATA ELEMENTS--GENERAL INFORMATION
fixed length control field 160203s2016 nyu b 001 0 eng
010 ## - LIBRARY OF CONGRESS CONTROL NUMBER
LC control number 2016005507
020 ## - INTERNATIONAL STANDARD BOOK NUMBER
International Standard Book Number 9781454825036 (hardcover)
041 ## - LANGUAGE CODE
Language code of text/sound track or separate title ენგ
080 ## - UNIVERSAL DECIMAL CLASSIFICATION NUMBER
Universal Decimal Classification number 343.73+347.7 P-87
100 1# - MAIN ENTRY--PERSONAL NAME
Personal name Porter, Katherine
Fuller form of name (Katherine M.),
Relator term author.
9 (RLIN) 9713
245 10 - TITLE STATEMENT
Title Modern consumer law /
Statement of responsibility, etc. Katherine Porter, Professor of Law, University of California, Irvine School of Law.
264 #1 - PRODUCTION, PUBLICATION, DISTRIBUTION, MANUFACTURE, AND COPYRIGHT NOTICE
Place of production, publication, distribution, manufacture New York :
Name of producer, publisher, distributor, manufacturer Wolters Kluwer,
Date of production, publication, distribution, manufacture, or copyright notice [2016]
300 ## - PHYSICAL DESCRIPTION
Extent 602 pages ;
Dimensions 26 cm.
650 #0 - SUBJECT ADDED ENTRY--TOPICAL TERM
Topical term or geographic name entry element Consumer protection
General subdivision Law and legislation
Geographic subdivision United States.
9 (RLIN) 9714
653 ## - INDEX TERM--UNCONTROLLED
keyword კანონი და კანონმდებლობა
653 ## - INDEX TERM--UNCONTROLLED
keyword სამართალი
942 ## - ADDED ENTRY ELEMENTS (KOHA)
Source of classification or shelving scheme
Koha item type წიგნი
ეგზემპლარები
Withdrawn status Lost status Source of classification or shelving scheme Damaged status Not for loan Permanent Location Current Location Shelving location Date acquired Cost, normal purchase price Full call number Barcode Date last seen Copy number Price effective from Koha item type Public note
          ბათუმის შოთა რუსთაველის სახელმწიფო უნივერსიტეტის მთავარი ბიბლიოთეკა ბათუმის შოთა რუსთაველის სახელმწიფო უნივერსიტეტის მთავარი ბიბლიოთეკა წიგნსაცავი 2020-11-05 579.00 343.73+347.7 P-87 61111 2020-11-05 61111 2020-11-05 წიგნი 579 ლ.